[Event "16e Open International - Réunion"]
[Site "Saint-Denis (974)"]
[Date "2014.10.23"]
[Round "6.25"]
[White "Atlan, Yoram"]
[Black "Le Maguet, Loan"]
[Result "1-0"]
[WhiteElo "1270"]
[BlackElo "1280"]
[PlyCount "63"]
[EventDate "2014.??.??"]

1. e4 c5 2. Nf3 d6 3. Bc4 Nc6 4. Ng5 e6 5. d3 d5 6. exd5 exd5 7. Qe2+ Be7 8.
Bb3 Nf6 9. Nc3 O-O 10. O-O Re8 11. Bf4 Nd4 12. Qd2 Nxb3 13. cxb3 Nh5 14. Nh3
Bxh3 15. gxh3 Qd7 16. Qe3 Bd8 17. Bg5 Bxg5 18. Qxg5 Nf6 19. h4 Qh3 20. Nb5 Ng4
21. Qf4 a6 22. Nd6 Rf8 23. Nf5 h6 24. Kh1 g6 25. Rg1 gxf5 26. f3 Kh7 27. Qxf5+
Kh8 28. Rxg4 Rg8 29. Rxg8+ Rxg8 30. Qxh3 h5 31. Rg1 Re8 32. Qg3 1-0

[Event "16e Open International - Réunion"]
[Site "Saint-Denis (974)"]
[Date "2014.10.23"]
[Round "6.26"]
[White "Hubert, Nathan"]
[Black "Labrande, Jean Donatien"]
[Result "0-1"]
[WhiteElo "1099"]
[BlackElo "1372"]
[PlyCount "50"]
[EventDate "2014.??.??"]

1. e4 e5 2. Nf3 Nc6 3. Nc3 Nf6 4. Bc4 Bc5 5. d3 d6 6. O-O Bg4 7. Bd2 Nd4 8.
Nxd4 Bxd1 9. Rfxd1 Bxd4 10. Nd5 Nxd5 11. exd5 Qh4 12. Be1 Bxb2 13. Rab1 Qd4 14.
Rd2 a6 15. c3 Bxc3 16. Rc2 Bxe1 17. Rxe1 b5 18. Bb3 c5 19. dxc6 Qxd3 20. Bd5
Qxc2 21. c7 Qxc7 22. Bxa8 O-O 23. Be4 Qc4 24. Re3 Qc1+ 25. Re1 Qxe1# 0-1

[Event "16e Open International - Réunion"]
[Site "Saint-Denis (974)"]
[Date "2014.10.23"]
[Round "6.27"]
[White "Alex-Geerjanan, Nils"]
[Black "Labrande, Mona"]
[Result "0-1"]
[WhiteElo "1009"]
[BlackElo "1200"]
[PlyCount "62"]
[EventDate "2014.??.??"]

1. e4 e5 2. Nf3 Nc6 3. Nc3 Bc5 4. Nb5 Nf6 5. d3 O-O 6. Be2 Ng4 7. O-O a6 8. Nc3
d6 9. Bg5 Qd7 10. Qd2 f6 11. Be3 Nxe3 12. fxe3 Nb4 13. a3 Nc6 14. Rad1 Ne7 15.
Na4 Qxa4 16. b3 Qxa3 17. Qc1 Qb4 18. Qd2 Qb6 19. Rfe1 Ng6 20. c4 Bg4 21. Qa2
Nf4 22. Bf1 Bb4 23. Nh4 Bxe1 24. Rxe1 c6 25. Rc1 Qxe3+ 26. Kh1 Qxc1 27. Qf2 Be2
28. Qg1 Bxf1 29. h3 Ne2 30. Qxf1 Qxf1+ 31. Kh2 Qg1# 0-1

[Event "16e Open International - Réunion"]
[Site "Saint-Denis (974)"]
[Date "2014.10.23"]
[Round "6.28"]
[White "Collet, Marine Celine Theres"]
[Black "Cazal, Julian"]
[Result "0-1"]
[WhiteElo "1009"]
[BlackElo "1100"]
[PlyCount "60"]
[EventDate "2014.??.??"]

1. e4 e5 2. Nf3 Nc6 3. Bc4 a6 4. O-O b5 5. Bd5 Nb4 6. Bxa8 Nf6 7. Nxe5 Qe7 8.
f4 d6 9. Bc6+ Nd7 10. Nc3 dxe5 11. Bxd7+ Qxd7 12. fxe5 Bc5+ 13. Kh1 O-O 14. Rf3
a5 15. d3 Nxc2 16. Qxc2 Qd4 17. Be3 Qxe5 18. Bxc5 Qxc5 19. Rf5 Qd6 20. e5 Qg6
21. Rf4 Re8 22. Re1 Bb7 23. h3 Qg3 24. Qd2 Re6 25. Rg1 Rg6 26. Ne4 Bxe4 27.
dxe4 h6 28. Rgf1 h5 29. Qd8+ Kh7 30. e6 Qxg2# 0-1

[Event "16e Open International - Réunion"]
[Site "Saint-Denis (974)"]
[Date "2014.10.23"]
[Round "7.1"]
[White "Mezouaghi, Miloud"]
[Black "Wimmer, Olivier"]
[Result "1-0"]
[WhiteElo "2037"]
[BlackElo "2044"]
[PlyCount "57"]
[EventDate "2014.??.??"]

1. e4 c6 2. d4 d5 3. e5 Bf5 4. Nf3 h6 5. Be2 e6 6. O-O c5 7. c4 Nc6 8. cxd5
exd5 9. Nc3 Be6 10. Bb5 a6 11. Bxc6+ bxc6 12. Qa4 Qb6 13. Be3 c4 14. b3 cxb3
15. Rab1 b2 16. Rxb2 Qc7 17. Rfb1 Bd7 18. Rb7 Qc8 19. e6 fxe6 20. Bf4 c5 21.
Qc2 Ke7 22. Ne5 Nf6 23. Ng6+ Kf7 24. Nxh8+ Kg8 25. Rb8 Rxb8 26. Rxb8 Qc6 27.
Ng6 Be8 28. Nxf8 Kxf8 29. Qa4 1-0

[Event "16e Open International - Réunion"]
[Site "Saint-Denis (974)"]
[Date "2014.10.23"]
[Round "7.2"]
[White "Rajaonson, Andriamahenina"]
[Black "Stahl, Clement"]
[Result "0-1"]
[WhiteElo "1864"]
[BlackElo "2149"]
[PlyCount "116"]
[EventDate "2014.??.??"]

1. f4 g6 2. Nf3 Bg7 3. d3 d6 4. Nc3 Nc6 5. e4 e5 6. Be2 Nge7 7. O-O O-O 8. a3
a6 9. Qe1 f6 10. Bd2 Be6 11. Rd1 Qd7 12. Bc1 Nd4 13. Nxd4 exd4 14. Nb1 Qc6 15.
Rd2 Rae8 16. c4 b5 17. b3 f5 18. Bf3 Qb6 19. Rb2 fxe4 20. Bxe4 Bf5 21. Nd2 Bxe4
22. Nxe4 d5 23. cxd5 Nxd5 24. Re2 Qc6 25. Ng5 Nc3 26. Re6 Rxe6 27. Qxe6+ Qxe6
28. Nxe6 Re8 29. f5 gxf5 30. Re1 Bf6 31. Kf1 Nd5 32. Kf2 Kf7 33. Nf4 Rxe1 34.
Kxe1 Nxf4 35. Bxf4 c5 36. Ke2 Ke6 37. g3 Kd5 38. Kd2 c4 39. Kc2 h5 40. h4 cxb3+
41. Kxb3 Be7 42. Bd2 Bd6 43. Be1 f4 44. gxf4 Bxf4 45. Kb4 Bd6+ 46. Kb3 Be7 47.
a4 Ke5 48. Bf2 Bc5 49. axb5 axb5 50. Kc2 Kf4 51. Kd1 Kf3 52. Be1 Be7 53. Kc2
Bd6 54. Bd2 Bf4 55. Ba5 Ke2 56. Bb6 Be5 57. Bc5 Bf6 58. Bb6 Ke3 0-1

[Event "16e Open International - Réunion"]
[Site "Saint-Denis (974)"]
[Date "2014.10.23"]
[Round "7.3"]
[White "Reinhart, Emmanuel"]
[Black "Rodier, David"]
[Result "1-0"]
[WhiteElo "2355"]
[BlackElo "2136"]
[PlyCount "73"]
[EventDate "2014.??.??"]

1. e4 c5 2. Nf3 d6 3. d4 cxd4 4. Qxd4 a6 5. c4 Nc6 6. Qe3 g6 7. Nc3 Bh6 8. Qd3
Bg7 9. Be2 Nf6 10. O-O O-O 11. h3 Nd7 12. Bg5 h6 13. Be3 Nc5 14. Qd2 Kh7 15.
Nd4 Nxd4 16. Bxd4 Bxd4 17. Qxd4 Bd7 18. b4 Ne6 19. Qe3 Bc6 20. f4 a5 21. a3 Ng7
22. b5 Bd7 23. Rad1 Be6 24. f5 gxf5 25. exf5 Bxf5 26. Rxf5 Nxf5 27. Bd3 e6 28.
g4 Rg8 29. Kh2 Rg5 30. gxf5 Kh8 31. fxe6 Qf6 32. exf7 Rf8 33. Nd5 Qg7 34. Rd2
Rxf7 35. Qe4 Rf8 36. Qe6 Rg8 37. Nf4 1-0

[Event "16e Open International - Réunion"]
[Site "Saint-Denis (974)"]
[Date "2014.10.23"]
[Round "7.4"]
[White "Letreguilly, Olivier"]
[Black "Stratonowitsch, Andre"]
[Result "1/2-1/2"]
[WhiteElo "2332"]
[BlackElo "2124"]
[PlyCount "52"]
[EventDate "2014.??.??"]

1. Nf3 e6 2. g3 c5 3. Bg2 Nc6 4. O-O Nf6 5. c4 Be7 6. d4 d5 7. cxd5 Nxd5 8.
dxc5 Bxc5 9. a3 O-O 10. Qc2 Qe7 11. Bg5 f6 12. Bd2 a5 13. e4 Nc7 14. e5 Nb5 15.
exf6 gxf6 16. Bh6 Rd8 17. Nc3 Nbd4 18. Qe4 e5 19. Nd5 Qf7 20. Nxd4 Nxd4 21. Nc3
Ra6 22. Be3 Rad6 23. Nb5 Rb6 24. Bxd4 Bxd4 25. Nxd4 Rxd4 26. Qc2 Be6 1/2-1/2

[Event "16e Open International - Réunion"]
[Site "Saint-Denis (974)"]
[Date "2014.10.23"]
[Round "7.5"]
[White "Moret, Vincent"]
[Black "Jourde, Michel"]
[Result "1/2-1/2"]
[WhiteElo "2175"]
[BlackElo "1805"]
[PlyCount "122"]
[EventDate "2014.??.??"]

1. Nf3 Nf6 2. c4 g6 3. Nc3 Bg7 4. e4 d6 5. d4 O-O 6. Be2 e5 7. O-O Nc6 8. d5
Ne7 9. Ne1 Ne8 10. Be3 f5 11. f3 f4 12. Bf2 g5 13. a4 h5 14. a5 Ng6 15. c5 Rf7
16. c6 Nf6 17. cxb7 Bxb7 18. a6 Bc8 19. Bb5 Bd7 20. Bxd7 Qxd7 21. Qa4 Qd8 22.
Nb5 g4 23. Kh1 g3 24. Bg1 gxh2 25. Bf2 h4 26. Nd3 Nh5 27. Kxh2 Bf8 28. Bxa7 Ng3
29. Rfe1 h3 30. gxh3 Rh7 31. Nf2 Nh4 32. Ra3 Qd7 33. Qc4 Ng6 34. Rg1 Kf7 35.
Qxc7 Qxc7 36. Nxc7 Rxa7 37. Nb5 Ra8 38. a7 Kg8 39. Rc1 Rb7 40. Nc7 Raxa7 41.
Rxa7 Rxa7 42. Ne6 Be7 43. Ng4 Nh4 44. Rc8+ Kh7 45. Re8 Rb7 46. b4 Ra7 47. Kg1
Nxf3+ 48. Kf2 Nd4 49. Nxd4 exd4 50. e5 dxe5 51. Nxe5 Bxb4 52. Kf3 Nh5 53. Rd8
Ra3+ 54. Kg4 f3 55. Nxf3 d3 56. Kxh5 d2 57. Nxd2 Bxd2 58. Rd7+ Kg8 59. h4 Ra4
60. Kg6 Rg4+ 61. Kf5 Rxh4 1/2-1/2

[Event "16e Open International - Réunion"]
[Site "Saint-Denis (974)"]
[Date "2014.10.23"]
[Round "7.6"]
[White "Vitry, Patrick"]
[Black "Roos, Louise"]
[Result "0-1"]
[WhiteElo "1733"]
[BlackElo "1914"]
[PlyCount "74"]
[EventDate "2014.??.??"]

1. e4 c5 2. Nf3 d6 3. Nc3 Nc6 4. d4 cxd4 5. Nxd4 Nf6 6. Be3 a6 7. Be2 e6 8. O-O
Be7 9. Qd2 Qc7 10. f4 Bd7 11. Kh1 O-O 12. Rad1 b5 13. a3 Na5 14. h3 Nc4 15.
Bxc4 bxc4 16. Qf2 Rab8 17. Rb1 Qb7 18. Qf3 d5 19. exd5 exd5 20. g4 Ne4 21. Nxe4
dxe4 22. Qg2 f5 23. gxf5 Bxf5 24. Rg1 Bd6 25. Nxf5 Rxf5 26. Qg4 Rf6 27. f5 Be5
28. Rg2 Qf7 29. Rgg1 Rxf5 30. Qxe4 Qh5 31. Qg4 Qxg4 32. hxg4 Rf3 33. Bc5 Rxb2
34. Rxb2 Bxb2 35. Rg2 Bxa3 36. Bxa3 Rxa3 37. Kg1 Rc3 0-1

[Event "16e Open International - Réunion"]
[Site "Saint-Denis (974)"]
[Date "2014.10.23"]
[Round "7.7"]
[White "Kibria, Golam"]
[Black "Duprey, Francois-Xavier"]
[Result "0-1"]
[WhiteElo "1899"]
[BlackElo "1764"]
[PlyCount "92"]
[EventDate "2014.??.??"]

1. e4 c5 2. Nf3 d6 3. d4 cxd4 4. Nxd4 Nf6 5. Nc3 g6 6. h3 Bg7 7. Be3 O-O 8. Qd2
Nc6 9. Nb3 Be6 10. Bh6 Ne5 11. Bxg7 Kxg7 12. Nd4 Bc4 13. Nde2 b5 14. f4 Bxe2
15. fxe5 dxe5 16. Qxd8 Raxd8 17. Bxe2 b4 18. Nd5 Nxd5 19. exd5 Rxd5 20. O-O Rc5
21. Rac1 Rfc8 22. Bd1 f5 23. Rf3 e4 24. Re3 Re5 25. g3 g5 26. Bf3 Rec5 27. Bd1
Re5 28. c3 f4 29. gxf4 gxf4 30. Re1 Rg5+ 31. Kh2 Re5 32. c4 Rcc5 33. b3 h5 34.
h4 Kf6 35. Bc2 Kf5 36. Rg1 f3 37. Rg5+ Kf4 38. Rxe5 Rxe5 39. Bd1 Rc5 40. Rc2 e3
41. Kg1 e5 42. Rh2 e4 43. Rc2 Kg3 44. Rb2 Kxh4 45. Bc2 Rg5+ 46. Kf1 e2+ 0-1

[Event "16e Open International - Réunion"]
[Site "Saint-Denis (974)"]
[Date "2014.10.23"]
[Round "7.8"]
[White "Fontaine, Cedric"]
[Black "Calmels, Nicolas"]
[Result "0-1"]
[WhiteElo "1642"]
[BlackElo "1884"]
[PlyCount "124"]
[EventDate "2014.??.??"]

1. e4 e5 2. Bc4 Nf6 3. d3 c6 4. Nf3 Be7 5. Nc3 Qc7 6. Bg5 b5 7. Bb3 a5 8. a3
Na6 9. Ne2 h6 10. Bh4 Nc5 11. Ba2 d6 12. b4 Ne6 13. c3 Nf8 14. Bxf6 Bxf6 15. d4
Bg4 16. Qd3 Ng6 17. d5 O-O 18. O-O c5 19. c4 axb4 20. axb4 bxc4 21. Qxc4 Ra4
22. Rab1 Bxf3 23. gxf3 Nh4 24. Rfd1 Nxf3+ 25. Kh1 Qd7 26. Ng1 Qg4 27. Qc2 Nxg1
28. Rxg1 Qf3+ 29. Rg2 Rfa8 30. Rb3 Rxa2 31. Qxa2 Qd1+ 32. Rg1 Qxg1+ 33. Kxg1
Rxa2 34. bxc5 dxc5 35. Rb8+ Kh7 36. d6 Rd2 37. Rc8 Rxd6 38. Rxc5 Rd4 39. Rc7
Rxe4 40. Rxf7 Kg6 41. Ra7 h5 42. h3 Kg5 43. Kg2 g6 44. Ra6 Kf5 45. Kf3 Bh4 46.
Ra2 Rc4 47. Kg2 e4 48. Rb2 Kf4 49. Ra2 Rc5 50. Kf1 g5 51. Kg2 Rc3 52. Ra7 Rc2
53. Rf7+ Ke5 54. Rh7 Rxf2+ 55. Kg1 e3 56. Rxh5 e2 57. Rxg5+ Rf5 58. Rg2 e1=Q+
59. Kh2 Rf2 60. Rxf2 Qxf2+ 61. Kh1 Bg3 62. h4 Qh2# 0-1

[Event "16e Open International - Réunion"]
[Site "Saint-Denis (974)"]
[Date "2014.10.23"]
[Round "7.9"]
[White "Collet, Jean Daniel"]
[Black "Frelicot, Eric"]
[Result "0-1"]
[WhiteElo "1399"]
[BlackElo "1841"]
[PlyCount "59"]
[EventDate "2014.??.??"]

1. e4 c6 2. Nc3 d5 3. d4 dxe4 4. Nxe4 Bf5 5. Ng3 Bg6 6. Nf3 Nd7 7. Nh4 e6 8.
Nxg6 hxg6 9. Ne4 Ngf6 10. Ng5 Be7 11. Nf3 Qb6 12. Rg1 Rd8 13. Bd3 c5 14. c3
cxd4 15. cxd4 Nd5 16. a3 Bf6 17. Be4 O-O 18. g3 Ne7 19. b4 Ne5 20. Kf1 Nxf3 21.
Qxf3 Qxd4 22. Ra2 Qc4+ 23. Re2 Rd1+ 24. Kg2 Rxg1+ 25. Kxg1 Qxc1+ 26. Kg2 Nf5
27. Bxf5 gxf5 28. Qd3 Qc6+ 29. Kh3 g5 30. Rc2 0-1

[Event "16e Open International - Réunion"]
[Site "Saint-Denis (974)"]
[Date "2014.10.23"]
[Round "7.10"]
[White "Payet, Jean-Claude"]
[Black "Goorsahye, Antoine"]
[Result "1-0"]
[WhiteElo "1893"]
[BlackElo "1726"]
[PlyCount "77"]
[EventDate "2014.??.??"]

1. e4 e5 2. Nf3 Nc6 3. Bb5 a6 4. Ba4 Nf6 5. d3 b5 6. Bb3 Be7 7. a3 O-O 8. O-O
d6 9. h3 Na5 10. Ba2 c5 11. Be3 c4 12. Nc3 Bb7 13. b4 cxb3 14. cxb3 Rc8 15. Qd2
Re8 16. b4 Nc6 17. Ng5 Rf8 18. f4 h6 19. Nf3 Nh5 20. Nd5 exf4 21. Nxf4 Nxf4 22.
Bxf4 Bf6 23. Rac1 Qd7 24. Nh2 Bd4+ 25. Kh1 Be5 26. Be3 Bd4 27. Ng4 h5 28. Nh2
Bxe3 29. Qxe3 Rce8 30. Rf5 Re5 31. Rcf1 Nd8 32. Qg5 Rxf5 33. Rxf5 Ne6 34. Qxh5
Nd4 35. Rf4 Ne2 36. Qxe2 Qe7 37. Ng4 d5 38. Nf6+ gxf6 39. Qg4+ 1-0

[Event "16e Open International - Réunion"]
[Site "Saint-Denis (974)"]
[Date "2014.10.23"]
[Round "7.11"]
[White "Riviere, Etienne"]
[Black "Desire, Michael"]
[Result "1/2-1/2"]
[WhiteElo "1580"]
[BlackElo "1751"]
[PlyCount "97"]
[EventDate "2014.??.??"]

1. e4 c6 2. d4 d5 3. Nc3 dxe4 4. Nxe4 Nd7 5. Ng5 Ngf6 6. Bc4 e6 7. Ne2 h6 8.
Nf3 Bd6 9. O-O O-O 10. h3 Re8 11. Be3 Nb6 12. Bd3 Nbd5 13. Bd2 Qc7 14. c4 Nf4
15. Nxf4 Bxf4 16. Bc3 b6 17. Qc2 Bb7 18. Ne5 c5 19. Rfe1 cxd4 20. Bxd4 Bxe5 21.
Bxe5 Qc6 22. f3 Qc5+ 23. Kh2 Nd7 24. Bg3 Rad8 25. Rad1 Qg5 26. Bh7+ Kh8 27. Bc7
g6 28. Bxd8 Rxd8 29. Bxg6 fxg6 30. Rxe6 Nf8 31. Rxd8 Qxd8 32. Qc3+ Kh7 33. Rf6
Qe7 34. Rf4 Ne6 35. Qe5 Qd7 36. Rf6 Ng5 37. h4 Nf7 38. Qf4 Kg7 39. h5 gxh5 40.
Rf5 Ng5 41. Qe5+ Kg8 42. Qf6 Qg7 43. Qd8+ Kh7 44. Rf8 Bxf3 45. Rxf3 Nxf3+ 46.
gxf3 Qxb2+ 47. Kh3 Qxa2 48. Qe7+ Kg6 49. Qe6+ 1/2-1/2

[Event "16e Open International - Réunion"]
[Site "Saint-Denis (974)"]
[Date "2014.10.23"]
[Round "7.12"]
[White "Rajaobelina, Hery"]
[Black "Romain, Arnaud"]
[Result "1-0"]
[WhiteElo "1887"]
[BlackElo "1582"]
[PlyCount "107"]
[EventDate "2014.??.??"]

1. e4 e5 2. Nf3 Nc6 3. Bb5 Nf6 4. d3 d6 5. c3 Bd7 6. Ba4 Be7 7. O-O O-O 8. h3
Be6 9. Re1 Nd7 10. d4 exd4 11. cxd4 Bc4 12. Nbd2 Ba6 13. a3 b5 14. Bc2 Bf6 15.
Nf1 Bb7 16. Qd3 a6 17. e5 g6 18. exf6 Nxf6 19. Bg5 Kg7 20. Qd2 Re8 21. Rxe8
Qxe8 22. Re1 Qd7 23. Bxf6+ Kxf6 24. Qh6 Re8 25. Rxe8 Qxe8 26. Qxh7 Na5 27. Qh4+
Kg7 28. Ne3 Bxf3 29. gxf3 Nc6 30. d5 Ne5 31. Kg2 Nd7 32. Qe4 Qe5 33. Qxe5+ dxe5
34. b4 Kf6 35. a4 bxa4 36. Bxa4 Nb8 37. Kg3 Ke7 38. f4 Kd6 39. fxe5+ Kxe5 40.
Be8 Kf6 41. Kf4 Ke7 42. Ba4 f6 43. h4 Kf7 44. Nc4 Ke7 45. Ke4 Nd7 46. Bxd7 Kxd7
47. f4 Ke7 48. f5 g5 49. hxg5 fxg5 50. Ne3 Kf6 51. Ng4+ Ke7 52. Ke5 Kf7 53. d6
c6 54. f6 1-0

[Event "16e Open International - Réunion"]
[Site "Saint-Denis (974)"]
[Date "2014.10.23"]
[Round "7.13"]
[White "Gallet, Hadrien"]
[Black "Bah, Ismael"]
[Result "1/2-1/2"]
[WhiteElo "1614"]
[BlackElo "1745"]
[PlyCount "103"]
[EventDate "2014.??.??"]

1. d4 b6 2. c4 e6 3. Bf4 Bb7 4. Nf3 Nf6 5. Nc3 Bb4 6. e3 Ne4 7. Qc2 Nxc3 8.
bxc3 Be7 9. Bd3 h6 10. O-O c5 11. Ne5 Nc6 12. Be2 Nxe5 13. Bxe5 O-O 14. Rfd1 d6
15. Bg3 Qe8 16. d5 e5 17. e4 Bc8 18. f4 exf4 19. Bxf4 f5 20. e5 g5 21. exd6 Bf6
22. Bg3 Bd7 23. Re1 Qe3+ 24. Bf2 Qxc3 25. Rac1 Qxc2 26. Rxc2 Be5 27. Bh5 Bxd6
28. Rce2 Rad8 29. h4 Kg7 30. Be3 Kf6 31. Bc1 gxh4 32. Re6+ Bxe6 33. Rxe6+ Kg7
34. Bxh6+ Kg8 35. Bxf8 Bxf8 36. Rf6 Rd7 37. Rxf5 Bd6 38. Kf2 Re7 39. Be2 Rf7
40. Rxf7 Kxf7 41. Ke3 Kf6 42. Ke4 Bg3 43. Bg4 Ke7 44. a4 Kd6 45. Kf5 Bf2 46.
Ke4 Bd4 47. Bh3 Kc7 48. Be6 Bf2 49. Bg4 Bg3 50. Be6 Kb7 51. Kf5 Ka6 52. Bd7
1/2-1/2

[Event "16e Open International - Réunion"]
[Site "Saint-Denis (974)"]
[Date "2014.10.23"]
[Round "7.14"]
[White "Andriandaza, Tombo Omar"]
[Black "Hoareau, Noe"]
[Result "1/2-1/2"]
[WhiteElo "1717"]
[BlackElo "1557"]
[PlyCount "160"]
[EventDate "2014.??.??"]

1. d4 d5 2. Nf3 e6 3. Bf4 Nf6 4. h3 Be7 5. Nbd2 Nbd7 6. c3 O-O 7. Qc2 b6 8. e3
c5 9. Be2 Bb7 10. h4 cxd4 11. exd4 Ne4 12. Ng5 Ndf6 13. f3 Nxd2 14. Kxd2 Bd6
15. Be5 Re8 16. Bb5 Kf8 17. Bxf6 gxf6 18. Nxf7 Bf4+ 19. Ke2 Kxf7 20. Bxe8+ Kxe8
21. Qxh7 Qe7 22. Qxe7+ Kxe7 23. g3 Bh6 24. f4 Rg8 25. Rhg1 f5 26. Kf2 Ba6 27.
Rad1 Bb5 28. Rge1 Kf6 29. Re3 Bd7 30. b3 Rc8 31. a4 a5 32. Rc1 b5 33. axb5 Bxb5
34. c4 dxc4 35. bxc4 a4 36. c5 Bg7 37. Rb1 Bc4 38. Rb4 Bb3 39. Re1 Kf7 40. Ke3
Rc6 41. Rb6 Rc8 42. Rc1 Bd5 43. Ra6 Rb8 44. Rb6 Rc8 45. Rc3 Rd8 46. c6 Bb3 47.
Rb7+ Kf8 48. Rd7 Rxd7 49. cxd7 Ke7 50. Rc7 Kd8 51. Ra7 Bd5 52. Rxa4 Bc6 53. Ra6
Bxd7 54. Ra5 Ke7 55. g4 fxg4 56. Rg5 Bh6 57. Rg6 Bf8 58. Rxg4 e5 59. Rg1 exf4+
60. Kxf4 Kf6 61. Ke4 Bf5+ 62. Kd5 Be6+ 63. Kc6 Ke7 64. Re1 Kf6 65. d5 Bxd5+ 66.
Kxd5 Kg6 67. Re5 Bg7 68. Rg5+ Kh6 69. Ke6 Bc3 70. Kf5 Bd2 71. Rg8 Bc3 72. Kg4
Bf6 73. h5 Kh7 74. Rg6 Bc3 75. Kf5 Bd2 76. Ke6 Bc3 77. Kf7 Bd4 78. h6 Bc3 79.
Rc6 Bd2 80. Rc2 Be3 1/2-1/2

[Event "16e Open International - Réunion"]
[Site "Saint-Denis (974)"]
[Date "2014.10.23"]
[Round "7.15"]
[White "Triton, Maxime"]
[Black "Francou, Yvon"]
[Result "1/2-1/2"]
[WhiteElo "1450"]
[BlackElo "1670"]
[PlyCount "121"]
[EventDate "2014.??.??"]

1. e4 e5 2. Nf3 Nc6 3. Bb5 a6 4. Ba4 Nf6 5. O-O b5 6. Bb3 Bc5 7. c3 d6 8. Re1
O-O 9. d4 Ba7 10. Bg5 Bg4 11. Bd5 Qd7 12. Bxf6 gxf6 13. dxe5 Bxf3 14. Qxf3 Nxe5
15. Qxf6 Ng4 16. Qg5+ Kh8 17. Rf1 Rg8 18. Qf4 Raf8 19. Nd2 Rg6 20. Nf3 Rf6 21.
Qg3 Rg8 22. Qh3 Rh6 23. Nh4 Qe7 24. Nf5 Rxh3 25. Nxe7 Rg7 26. Nf5 Rg5 27. Nd4
Rh4 28. Nf3 Rxd5 29. exd5 Rh5 30. h3 Nf6 31. Rad1 Nxd5 32. Rfe1 Kg7 33. Re4 Nf6
34. Re7 Bb6 35. Nd4 Kf8 36. Re2 Nd7 37. Rde1 Ne5 38. Kh2 Nd3 39. Re8+ Kg7 40.
R1e7 Nxf2 41. Ne6+ Kh6 42. Rxf7 Ng4+ 43. Kg3 Ne5 44. Rf6+ Ng6 45. Nf4 Rg5+ 46.
Kf3 Kg7 47. Ree6 Ne5+ 48. Ke4 Nd7 49. Rf7+ Kxf7 50. Rh6 Nf6+ 51. Kf3 Rf5 52.
Kg3 Ne4+ 53. Kf3 Nd2+ 54. Kg4 Rf6 55. Rxh7+ Ke8 56. Nd5 Rg6+ 57. Kf5 Rxg2 58.
Nf6+ Kf8 59. Rh8+ Ke7 60. Rh7+ Kd8 61. Rh8+ 1/2-1/2

[Event "16e Open International - Réunion"]
[Site "Saint-Denis (974)"]
[Date "2014.10.23"]
[Round "7.16"]
[White "Sandjivy, Mateo"]
[Black "Cochard, Franck-Olivier"]
[Result "0-1"]
[WhiteElo "1432"]
[BlackElo "1655"]
[PlyCount "92"]
[EventDate "2014.??.??"]

1. e4 d5 2. exd5 Nf6 3. Nf3 Bg4 4. Be2 Qxd5 5. Nc3 Qf5 6. d4 Nc6 7. O-O Nb4 8.
Ne1 O-O-O 9. Bxg4 Nxg4 10. a3 Nc6 11. Be3 e5 12. d5 Nf6 13. Qf3 Qxf3 14. Nxf3
Nxd5 15. Nxd5 Rxd5 16. c3 Bc5 17. Rfe1 Bxe3 18. Rxe3 Rhd8 19. Rf1 f6 20. g4 Rd3
21. Kg2 Rxe3 22. fxe3 e4 23. Nd4 Nxd4 24. cxd4 Kd7 25. Rf4 Re8 26. h4 Re6 27.
g5 fxg5 28. hxg5 Kd6 29. Rf5 Rg6 30. Kh3 h6 31. gxh6 gxh6 32. Re5 Re6 33. Rxe6+
Kxe6 34. Kg4 Kd5 35. b3 Ke6 36. Kf4 Kd5 37. Kf5 b6 38. Kg6 c5 39. dxc5 bxc5 40.
Kxh6 c4 41. bxc4+ Kxc4 42. Kg5 Kd3 43. Kf4 a6 44. a4 a5 45. Ke5 Kxe3 46. Kd5
Kd3 0-1

[Event "16e Open International - Réunion"]
[Site "Saint-Denis (974)"]
[Date "2014.10.23"]
[Round "7.17"]
[White "Weber, Richard"]
[Black "Romain, Juliane"]
[Result "1-0"]
[WhiteElo "1650"]
[BlackElo "1412"]
[PlyCount "61"]
[EventDate "2014.??.??"]

1. Nf3 Nf6 2. d4 d5 3. a3 Bf5 4. e3 e6 5. Bd3 Bxd3 6. cxd3 c5 7. Qa4+ Nc6 8.
dxc5 Bxc5 9. Ne5 Qc7 10. Nxc6 bxc6 11. b4 Bd6 12. h3 O-O 13. Bb2 Nd7 14. Nd2
Rfb8 15. Rc1 Rb6 16. Bd4 Rb5 17. O-O a5 18. Nb3 Nb6 19. Qxb5 cxb5 20. Rxc7 Bxc7
21. Rc1 Bd8 22. Bxb6 Bxb6 23. bxa5 Bd8 24. Rc6 Kf8 25. a6 Be7 26. Nd4 b4 27.
axb4 Bxb4 28. Nb5 Ke7 29. a7 Kd8 30. Rc7 Be7 31. Rb7 1-0

[Event "16e Open International - Réunion"]
[Site "Saint-Denis (974)"]
[Date "2014.10.23"]
[Round "7.18"]
[White "Labrande, Emmanuel"]
[Black "Mablouke, Ulrich"]
[Result "1/2-1/2"]
[WhiteElo "1389"]
[BlackElo "1702"]
[PlyCount "62"]
[EventDate "2014.??.??"]

1. e4 e5 2. Nf3 Nc6 3. Bc4 Nf6 4. d3 d5 5. exd5 Nxd5 6. h3 Bc5 7. O-O Nb6 8.
Bb3 Bd6 9. Ng5 Qf6 10. Nxf7 Be6 11. Bxe6 Qxe6 12. Nxh8 O-O-O 13. Nc3 Rxh8 14.
Ne4 h5 15. f4 exf4 16. Bxf4 Bxf4 17. Rxf4 Nd5 18. Rf3 a6 19. Qd2 Ne5 20. Rf2 b6
21. Raf1 Rh6 22. Ng5 Qe7 23. Re1 Rg6 24. h4 Rxg5 25. Qxg5 Nf3+ 26. Rxf3 Qxe1+
27. Kh2 Nf6 28. Qxg7 Ng4+ 29. Kh3 Qh1+ 30. Kg3 Qe1+ 31. Kf4 Qc1+ 1/2-1/2

[Event "16e Open International - Réunion"]
[Site "Saint-Denis (974)"]
[Date "2014.10.23"]
[Round "7.19"]
[White "Dennemont, Bruno"]
[Black "Ringayen, Francinel"]
[Result "1-0"]
[WhiteElo "1620"]
[BlackElo "1361"]
[PlyCount "107"]
[EventDate "2014.??.??"]

1. e4 e5 2. Nf3 Nc6 3. Bc4 Nf6 4. Ng5 d5 5. exd5 Na5 6. Bb5+ c6 7. dxc6 bxc6 8.
Be2 Bc5 9. d3 Bb4+ 10. c3 Bd6 11. Ne4 Nxe4 12. dxe4 Bc7 13. O-O Qxd1 14. Rxd1
O-O 15. Bg5 h6 16. Bh4 Be6 17. Nd2 Bd8 18. Bg3 f6 19. b4 Nb7 20. c4 c5 21. b5
Nd6 22. Rac1 Ba5 23. Nb3 Bc7 24. Nxc5 Rfe8 25. Na6 Nxe4 26. Nxc7 Nxg3 27. hxg3
Kf7 28. Nxa8 Rxa8 29. a4 Ke7 30. c5 Bb3 31. Rd6 Bxa4 32. Rc6 Kd7 33. Bg4+ Kd8
34. Rd6+ Ke7 35. b6 axb6 36. Rxb6 Ra7 37. Ra1 Ra8 38. Bd1 Bc6 39. Rxa8 Bxa8 40.
Ba4 Kd8 41. Rb8+ Kc7 42. Rxa8 Kb7 43. Rg8 g5 44. Rg7+ Kc8 45. Bc6 f5 46. Bb7+
Kb8 47. c6 f4 48. Rg8+ Kc7 49. gxf4 gxf4 50. f3 h5 51. Rg7+ Kb8 52. Ba6 e4 53.
c7+ Ka8 54. c8=R# 1-0

[Event "16e Open International - Réunion"]
[Site "Saint-Denis (974)"]
[Date "2014.10.23"]
[Round "7.20"]
[White "Labrande, Theodore"]
[Black "Noel, Philippe"]
[Result "1-0"]
[WhiteElo "1471"]
[BlackElo "1297"]
[PlyCount "101"]
[EventDate "2014.??.??"]

1. e4 e6 2. d4 d5 3. exd5 Qxd5 4. Nc3 Bb4 5. Nge2 Qd8 6. Bd2 Nf6 7. a3 Be7 8.
g3 c6 9. Bg2 O-O 10. O-O Nbd7 11. Bf4 Nb6 12. Qd3 Re8 13. Ne4 Nbd5 14. Be5 b6
15. c4 Bb7 16. cxd5 cxd5 17. Nxf6+ Bxf6 18. Bxf6 Qxf6 19. Nf4 g6 20. Rac1 a5
21. Rfd1 Ba6 22. Qb3 Qd8 23. Rc6 Rb8 24. Rdc1 Bc4 25. Qa4 b5 26. Qc2 a4 27. Bf1
Ra8 28. Bxc4 bxc4 29. Qd2 Qg5 30. Rc2 Reb8 31. Ne2 Qxd2 32. Rxd2 Rb3 33. Nc3
Kg7 34. Rc5 Rbb8 35. Rb5 Rf8 36. Rb4 f5 37. Rxa4 Rac8 38. Ra7+ Kh6 39. Re7 Rf6
40. Re2 Rc6 41. Na4 Rd6 42. Nc5 Rb6 43. R7xe6 Rfxe6 44. Nxe6 Rb3 45. Nc7 c3 46.
bxc3 Rxc3 47. Nxd5 Rxa3 48. Rd2 Kg5 49. Nf4 Kg4 50. Kg2 Ra6 51. h4 1-0